[Event "World Youth U16 Olympiad"]
[Site "Gyor HUN"]
[Date "2014.12.20"]
[Round "9.16"]
[Board "4"]
[White "Peng, Jackie"]
[Black "Nadzamova, Viktoria"]
[Result "1-0"]
[WhiteTitle "WIM"]
[WhiteElo "1982"]
[BlackElo "1511"]
[WhiteTeam "Canada 2"]
[BlackTeam "Slovakia East"]
[WhiteFideId "2609819"]
[BlackFideId "14943999"]
[EventDate "2014.12.13"]
[EventType "team"]

1. e4 e5 2. Nf3 Nc6 3. Bc4 Bc5 4. c3 Nf6 5. d3 O-O 6. O-O d6 7. Nbd2 a6 8. Bb3
b5 9. h3 a5 10. Re1 Bb6 11. Nf1 Ne7 12. d4 Ng6 13. Ng3 c5 14. Bc2 Bd7 15. Nf5
Qc7 16. Bg5 Ne8 17. Ne7+ Kh8 18. Nd5 Qb7 19. Nxb6 Qxb6 20. dxe5 Be6 21. exd6
Nxd6 22. Nh4 Nxh4 23. Bxh4 Rfe8 24. e5 Nb7 25. Qh5 h6 26. f4 c4+ 27. Kh2 Bd7 28.
f5 Bxf5 29. Qxf5 g6 30. Bf6+ Kg8 31. Qg4 Qe6 32. Qxe6 Rxe6 33. Be4 Rb8 34. Bxb7
Rxb7 35. Rad1 Re8 36. Rd5 Rbb8 37. Red1 Kf8 38. Rd7 g5 39. Ra7 a4 40. Rdd7 Kg8
41. Rxf7 Rec8 42. Rh7 Re8 43. Rh8# 1-0

[Event "World Youth U16 Olympiad"]
[Site "Gyor HUN"]
[Date "2014.12.20"]
[Round "9.17"]
[Board "1"]
[White "McGovern Leahy, Cian"]
[Black "Taalaibekov, Tagir"]
[Result "0-1"]
[WhiteElo "1929"]
[BlackElo "2047"]
[WhiteTeam "Ireland"]
[BlackTeam "Kyrgyzstan"]
[WhiteFideId "2508753"]
[BlackFideId "13801163"]
[EventDate "2014.12.13"]
[EventType "team"]

1. d4 Nf6 2. c4 e6 3. Nc3 Bb4 4. Qc2 c5 5. dxc5 Qa5 6. Bd2 Qxc5 7. e3 d5 8. a3
Bxc3 9. Bxc3 a5 10. Rc1 Nc6 11. cxd5 Qxd5 12. Nf3 O-O 13. Be2 e5 14. O-O Re8 15.
Rfd1 Qc5 16. Ng5 h6 17. Ne4 Nxe4 18. Qxe4 Qe7 19. Bb5 Qf6 20. Rd5 Bf5 21. Qf3
Rac8 22. Rcd1 Qg6 23. Qg3 Qh5 24. f3 Re6 25. Bxc6 Rcxc6 26. Rxe5 Rxe5 27. Qxe5
Rg6 28. Rd8+ Kh7 29. Qe8 Rxg2+ 30. Kxg2 Qh3+ 31. Kg1 Qxf3 32. Qe5 f6 33. Qg3 Qe4
34. Rd1 Bg4 35. Rf1 Bd7 36. Qf4 Qg6+ 37. Kf2 Qc2+ 38. Kg1 Qg6+ 39. Qg3 Qe4 40.
h4 Bc6 41. Kh2 h5 42. Rg1 Qc2+ 43. Rg2 Bxg2 44. Qxg2 Qf5 45. Qg3 Qc2+ 46. Qg2
Qf5 47. Bd4 b5 48. Kg1 Qb1+ 49. Qf1 Qg6+ 50. Qg2 Qb1+ 51. Kh2 Qf5 52. Qg3 Qc2+
53. Kg1 Qb1+ 54. Kf2 Qc2+ 55. Kf3 Qd1+ 56. Ke4 Qh1+ 57. Kf5 Qd5+ 58. Be5 Qd7+ 0-1

[Event "World Youth U16 Olympiad"]
[Site "Gyor HUN"]
[Date "2014.12.20"]
[Round "9.17"]
[Board "2"]
[White "Isaev, Chingys"]
[Black "Higgins, Michael"]
[Result "1-0"]
[WhiteElo "1949"]
[BlackElo "1559"]
[WhiteTeam "Kyrgyzstan"]
[BlackTeam "Ireland"]
[WhiteFideId "13801660"]
[BlackFideId "2507153"]
[EventDate "2014.12.13"]
[EventType "team"]

1. d4 Nf6 2. c4 g6 3. Nc3 Bg7 4. e4 d6 5. f3 O-O 6. Bg5 c5 7. d5 a6 8. Qd2 Nbd7
9. Nh3 Rb8 10. Be2 Qa5 11. a4 Re8 12. Nf2 Qc7 13. O-O b6 14. Rad1 Kh8 15. Bh6
Ng8 16. Bxg7+ Kxg7 17. Nd3 Ngf6 18. f4 e5 19. dxe6 Rxe6 20. Bf3 Bb7 21. Nf2 Ne8
22. Rfe1 f6 23. Ng4 Re7 24. Ne3 Rf7 25. Ned5 Bxd5 26. Qxd5 Re7 27. h4 h6 28. Qd3
Rf7 29. h5 Nf8 30. hxg6 Nxg6 31. Nd5 Qd7 32. Bh5 Rf8 33. Qg3 Qf7 34. f5 Kh8 35.
Qxg6 Qxg6 36. Bxg6 Kg7 37. Nf4 1-0

[Event "World Youth U16 Olympiad"]
[Site "Gyor HUN"]
[Date "2014.12.20"]
[Round "9.17"]
[Board "4"]
[White "Musaeva, Shakhnazi"]
[Black "Dwyer, Daniel"]
[Result "1/2-1/2"]
[WhiteElo "1559"]
[BlackElo "1777"]
[WhiteTeam "Kyrgyzstan"]
[BlackTeam "Ireland"]
[WhiteFideId "13801643"]
[BlackFideId "2507927"]
[EventDate "2014.12.13"]
[EventType "team"]

1. e4 c6 2. d4 d5 3. e5 Bf5 4. h4 h5 5. Nc3 e6 6. Bd3 Bxd3 7. Qxd3 c5 8. Be3 Nc6
9. Nge2 Nge7 10. f4 Nf5 11. Bf2 Qb6 12. O-O-O c4 13. Qh3 g6 14. g4 hxg4 15. Qxg4
Bh6 16. h5 gxh5 17. Rxh5 Nxe5 18. dxe5 Qxf2 19. Nxd5 O-O-O 20. Nec3 Rhg8 21. Qe2
Bxf4+ 22. Kb1 Qxe2 23. Nxe2 Bxe5 24. Kc1 Rg2 25. Nec3 Bxc3 26. bxc3 Ng7 27. Ne7+
Kc7 28. Rc5+ Kb6 29. Rxd8 Kxc5 30. Rd7 f5 31. Rd4 Nh5 32. Kd1 Rg7 33. Nc8 Rc7
34. Nd6 e5 35. Rd2 Rd7 36. Nxf5 Rxd2+ 37. Kxd2 Nf4 38. Ne3 b5 39. Ng4 Ng6 40.
Nf6 a5 41. a3 Ne7 42. Ne4+ Kd5 43. Nf6+ Ke6 44. Ne4 Nc8 45. Nc5+ Kd5 46. Nb7 a4
47. Nd8 Ke4 48. Ke2 Nd6 49. Ne6 Kd5 50. Ng5 Ne4 51. Nxe4 Kxe4 52. Kf2 Kf4 53.
Ke2 e4 54. Kf2 e3+ 55. Ke1 Ke4 56. Ke2 Kf4 57. Ke1 Kf3 58. Kf1 1/2-1/2

[Event "World Youth U16 Olympiad"]
[Site "Gyor HUN"]
[Date "2014.12.20"]
[Round "9.18"]
[Board "1"]
[White "Loay, Sameer"]
[Black "Dale, Ari"]
[Result "0-1"]
[BlackTitle "IM"]
[WhiteElo "1802"]
[BlackElo "2252"]
[WhiteTeam "Jordan"]
[BlackTeam "Australia"]
[WhiteFideId "8104239"]
[BlackFideId "3213145"]
[EventDate "2014.12.13"]
[EventType "team"]

1. e4 c5 2. Nf3 e6 3. d3 Nc6 4. g3 g6 5. Bg2 Bg7 6. O-O Nge7 7. Nbd2 O-O 8. c3
d5 9. Qc2 b6 10. Re1 Ba6 11. Nf1 Rc8 12. e5 h6 13. h4 b5 14. a4 b4 15. Bf4 bxc3
16. bxc3 d4 17. c4 Nf5 18. Qe2 Nb4 19. Rab1 Bb7 20. Bd2 a5 21. Bxb4 axb4 22.
N3d2 Bxg2 23. Kxg2 h5 24. Nb3 Qc7 25. a5 Ne7 26. f4 Nc6 27. Ra1 Ra8 28. Qa2 Ra7
29. a6 Rfa8 30. Nfd2 Qb6 31. Ne4 Rxa6 32. Qb2 Bf8 33. Rxa6 Rxa6 34. Nf6+ Kg7 35.
Nd7 Qa7 0-1

[Event "World Youth U16 Olympiad"]
[Site "Gyor HUN"]
[Date "2014.12.20"]
[Round "9.18"]
[Board "2"]
[White "Puccini, Jack"]
[Black "Al-Bashayra, Yazan"]
[Result "1-0"]
[WhiteTitle "CM"]
[WhiteElo "2188"]
[BlackElo "1780"]
[WhiteTeam "Australia"]
[BlackTeam "Jordan"]
[WhiteFideId "3213307"]
[BlackFideId "8103879"]
[EventDate "2014.12.13"]
[EventType "team"]

1. e4 c5 2. d4 cxd4 3. c3 d3 4. Bxd3 Nc6 5. c4 d6 6. h3 g6 7. Nf3 Bg7 8. O-O Bd7
9. Nc3 Nf6 10. Be3 O-O 11. Rc1 b6 12. Qe2 Rc8 13. b3 Nb4 14. Bb1 h6 15. Rfd1 Qe8
16. Nd4 Na6 17. f4 Nc7 18. Nf3 Nh7 19. Qf2 f5 20. e5 dxe5 21. Nxe5 Bxe5 22. fxe5
Kg7 23. Qd2 f4 24. Bxf4 g5 25. Bxg5 Nxg5 26. Qxd7 Qh5 27. Rf1 Nce6 28. Qd3 Nf4
29. Qg3 Kh8 30. Rxf4 Rxf4 31. Qxf4 Nxh3+ 32. gxh3 Rg8+ 33. Kh2 1-0

[Event "World Youth U16 Olympiad"]
[Site "Gyor HUN"]
[Date "2014.12.20"]
[Round "9.18"]
[Board "3"]
[White "Saif, Malek"]
[Black "Loh, Zachary"]
[Result "0-1"]
[WhiteElo "1782"]
[BlackElo "2075"]
[WhiteTeam "Jordan"]
[BlackTeam "Australia"]
[WhiteFideId "8104220"]
[BlackFideId "3210383"]
[EventDate "2014.12.13"]
[EventType "team"]

1. e4 d5 2. exd5 Nf6 3. c4 e6 4. dxe6 Bxe6 5. Nc3 Bc5 6. Nf3 Qe7 7. Qe2 Nc6 8.
d3 O-O-O 9. Bg5 Rxd3 10. Bxf6 Qxf6 11. Qxd3 Bf5 12. Qd1 Rd8 13. Qa4 Nd4 14. Be2
Nc2+ 15. Qxc2 Bxc2 16. O-O c6 17. Rac1 Bf5 18. Rfd1 Rxd1+ 19. Rxd1 g5 20. Nd2
Bc2 21. Rf1 Qg6 22. Bf3 f5 23. h3 h5 24. Rc1 Bd3 25. Nb3 Bd6 26. c5 Bc7 27. Rd1
Bc2 28. Rd2 Bxb3 29. axb3 g4 30. hxg4 hxg4 31. Be2 Qh6 32. Rd6 Bxd6 33. cxd6
Qxd6 0-1

[Event "World Youth U16 Olympiad"]
[Site "Gyor HUN"]
[Date "2014.12.20"]
[Round "9.18"]
[Board "4"]
[White "Chew Lee, Max"]
[Black "Thaer, Abu Alhaija"]
[Result "1-0"]
[WhiteElo "1931"]
[BlackElo "1487"]
[WhiteTeam "Australia"]
[BlackTeam "Jordan"]
[WhiteFideId "3213137"]
[BlackFideId "8106215"]
[EventDate "2014.12.13"]
[EventType "team"]

1. e4 e5 2. d4 exd4 3. c3 dxc3 4. Nxc3 Nc6 5. Bc4 g6 6. Nf3 Bg7 7. Bf4 Nge7 8.
h4 h6 9. Qb3 O-O 10. Nb5 d6 11. Qe3 Kh7 12. h5 g5 13. Bxg5 hxg5 14. Nxg5+ Kg8
15. h6 Bd4 16. Nxd4 Ne5 17. Qg3 N7g6 18. Nxf7 Rxf7 19. h7+ Kh8 20. Bxf7 Nf4 21.
Qg8+ Qxg8 22. hxg8=Q# 1-0

[Event "World Youth U16 Olympiad"]
[Site "Gyor HUN"]
[Date "2014.12.20"]
[Round "9.19"]
[Board "1"]
[White "Thybo, Jesper Sondergaard"]
[Black "Essop, Hishaam"]
[Result "1-0"]
[WhiteTitle "FM"]
[WhiteElo "2255"]
[BlackElo "1749"]
[WhiteTeam "Denmark"]
[BlackTeam "South Africa 1"]
[WhiteFideId "1438832"]
[BlackFideId "14306549"]
[EventDate "2014.12.13"]
[EventType "team"]

1. d4 Nf6 2. c4 g6 3. Nf3 Bg7 4. g3 d6 5. Bg2 O-O 6. O-O Nbd7 7. Nc3 e5 8. b3
Re8 9. e4 h6 10. Bb2 b6 11. Qc2 Bb7 12. Rfe1 Nh7 13. Rad1 Ng5 14. Nxg5 hxg5 15.
dxe5 Nxe5 16. Nd5 Bxd5 17. cxd5 g4 18. Re2 Qd7 19. Bxe5 Bxe5 20. Rc1 Rac8 21.
Qc6 Qd8 22. Rec2 Bd4 23. Qa4 Qf6 24. Rd1 Bc5 25. b4 b5 26. Qa5 Bb6 27. Qxb5 Rb8
28. Qe2 Qg5 29. Qa6 Kg7 30. a4 Qf6 31. Qe2 a5 32. bxa5 Bxa5 33. Qxg4 Rb2 34.
Rxb2 Qxb2 35. h4 Bb6 36. Rf1 Ra8 37. h5 Qe5 38. hxg6 fxg6 39. Bf3 Rf8 40. Kg2
Qb2 41. Qd7+ Rf7 42. Qb5 Qa3 43. Bd1 Qc3 44. Qe2 Rf8 45. Bc2 Qd4 46. Bd1 Qc3 47.
Bc2 Qd4 48. f4 Rf6 49. Qd3 Qc5 50. Kh3 Qd4 51. Qxd4 Bxd4 52. a5 Rf8 53. Bd3 Bc3
54. a6 Ba5 55. Ra1 Bb6 56. Bb5 Ra8 57. Bc6 Ra7 58. Bb7 Kf6 59. Kg4 Bd4 60. Rc1
Bb6 61. Rc6 Kf7 62. e5 dxe5 63. fxe5 Ba5 64. Rf6+ Kg7 65. Rf3 Bb4 66. e6 Bd6 67.
Rf7+ Kg8 68. Rd7 Kf8 69. Rxd6 cxd6 70. Kg5 Kg7 71. g4 1-0

[Event "World Youth U16 Olympiad"]
[Site "Gyor HUN"]
[Date "2014.12.20"]
[Round "9.19"]
[Board "2"]
[White "Roos, Lucas"]
[Black "Bjerre, Jonas"]
[Result "0-1"]
[WhiteElo "1732"]
[BlackElo "2073"]
[WhiteTeam "South Africa 1"]
[BlackTeam "Denmark"]
[WhiteFideId "14308673"]
[BlackFideId "1444948"]
[EventDate "2014.12.13"]
[EventType "team"]

1. e4 c5 2. Nc3 Nc6 3. Nge2 e6 4. d4 cxd4 5. Nxd4 Qc7 6. Be3 a6 7. Bd3 b5 8. O-O
Bb7 9. f4 Nxd4 10. Bxd4 Bc5 11. Bxb5 axb5 12. Kh1 Nf6 13. Nxb5 Qc6 14. Bxc5 Nxe4
15. Qe2 Qxc5 16. c4 O-O 17. a3 Rfc8 18. Rac1 Qb6 19. Rf3 d5 20. b3 dxc4 21. Rxc4
Rxc4 22. bxc4 Rd8 23. Rf1 Rd2 24. c5 Qxc5 0-1

[Event "World Youth U16 Olympiad"]
[Site "Gyor HUN"]
[Date "2014.12.20"]
[Round "9.19"]
[Board "3"]
[White "Moller, Sophus Mechlenburg"]
[Black "Modi, Sachin"]
[Result "1-0"]
[BlackTitle "CM"]
[WhiteElo "2133"]
[BlackElo "1718"]
[WhiteTeam "Denmark"]
[BlackTeam "South Africa 1"]
[WhiteFideId "1439090"]
[BlackFideId "14304589"]
[EventDate "2014.12.13"]
[EventType "team"]

1. e4 c5 2. Nf3 Nc6 3. d4 cxd4 4. Nxd4 g6 5. c4 Nf6 6. Nc3 d6 7. Be2 Nxd4 8.
Qxd4 Bg7 9. Be3 O-O 10. Qd2 Bd7 11. O-O Bc6 12. f3 a5 13. b3 Nd7 14. Rab1 Nc5
15. Rfc1 Qb6 16. a3 Nxb3 17. Bxb6 Nxd2 18. Rb2 Bh6 19. Rcc2 a4 20. Rxd2 Bxd2 21.
Rxd2 f6 22. Kf2 Kf7 23. Ke3 h6 24. Rb2 Rfc8 25. Rb4 g5 26. Nb5 Bxb5 27. Rxb5 Rc6
28. Kd3 Ra6 29. Bd4 b6 30. Bd1 e5 31. Be3 Ke6 32. Rb4 Rc8 33. Kc3 Rb8 34. Bxa4
f5 35. Kb2 fxe4 36. fxe4 Rba8 37. Bc6 Rb8 38. a4 Ke7 39. Kc3 Kd8 40. Rb2 Kc7 41.
Bb5 Raa8 42. Rf2 Rf8 43. Rf5 Rab8 44. Kb4 Rxf5 45. exf5 g4 46. Bxh6 Rh8 47. Bg7
Rxh2 48. f6 Rxg2 49. f7 Rf2 50. f8=Q Rxf8 51. Bxf8 g3 52. Bh6 Kd8 53. Bc6 Ke7
54. Kb5 1-0

[Event "World Youth U16 Olympiad"]
[Site "Gyor HUN"]
[Date "2014.12.20"]
[Round "9.19"]
[Board "4"]
[White "Breedt, Shade"]
[Black "Jacobsen, Mikkel Manosri"]
[Result "0-1"]
[WhiteTitle "WCM"]
[WhiteElo "1623"]
[BlackElo "2167"]
[WhiteTeam "South Africa 1"]
[BlackTeam "Denmark"]
[WhiteFideId "14304511"]
[BlackFideId "1444514"]
[EventDate "2014.12.13"]
[EventType "team"]

1. e4 c6 2. d4 d5 3. exd5 cxd5 4. Bd3 Nc6 5. c3 Nf6 6. Bf4 Bg4 7. Qb3 Qd7 8. Nd2
e6 9. Ngf3 Bd6 10. Ne5 Qc7 11. Nxg4 Bxf4 12. Nxf6+ gxf6 13. g3 Bxd2+ 14. Kxd2
O-O-O 15. Rac1 Kb8 16. Rhd1 h5 17. Rc2 h4 18. Kc1 f5 19. Kb1 f4 20. g4 f3 21. h3
Rc8 22. Re1 Qh2 23. Bf1 Rhg8 24. Re3 Rc7 25. Rd2 f5 26. Rxe6 fxg4 27. Qxd5 Rd8
28. Qg5 g3 29. fxg3 Qxg3 30. Qxg3 hxg3 31. Rg6 Re7 32. Kc2 Re1 33. Rd1 Rxd1 34.
Kxd1 g2 35. Bxg2 fxg2 36. Rxg2 Re8 37. Re2 Rh8 38. Rh2 Rh4 39. Ke2 Kc7 40. Kf3
Ne7 41. b3 Kd6 42. Ke3 Nf5+ 43. Kf3 Ke6 44. Re2+ Kf6 45. Kg2 Kg5 46. d5 Kf4 47.
Rf2+ Ke4 48. c4 Rh7 49. Re2+ Kf4 50. Rf2+ Ke4 51. Re2+ Kd4 52. Rd2+ Ke3 53. Rf2
Rg7+ 54. Kf1 Ng3+ 55. Ke1 Ne4 56. Rf1 Rg2 57. Rh1 0-1

[Event "World Youth U16 Olympiad"]
[Site "Gyor HUN"]
[Date "2014.12.20"]
[Round "9.20"]
[Board "1"]
[White "Kuruppu, Supun Dasantha"]
[Black "Karas, Marek"]
[Result "1-0"]
[WhiteTitle "CM"]
[WhiteElo "1896"]
[BlackElo "2170"]
[WhiteTeam "Sri Lanka"]
[BlackTeam "Slovakia West"]
[WhiteFideId "9902805"]
[BlackFideId "14928558"]
[EventDate "2014.12.13"]
[EventType "team"]

1. d4 Nf6 2. c4 e6 3. Nc3 Bb4 4. e3 O-O 5. Ne2 Re8 6. a3 Bf8 7. Ng3 d5 8. Bd3 c5
9. O-O Nc6 10. cxd5 exd5 11. Bc2 a6 12. Nh5 Ng4 13. h3 Qh4 14. Nf4 g5 15. g3 Qh6
16. hxg4 gxf4 17. Kg2 Qg7 18. Rh1 h6 19. Nxd5 cxd4 20. e4 Ne5 21. f3 d3 22. Bxd3
Be6 23. Rb1 f5 24. Bxf4 fxg4 25. Bxe5 Qxe5 26. f4 Qd4 27. Nc7 Bc5 28. Qe2 Bf5
29. Nxe8 Rxe8 30. Rhe1 h5 31. Rbd1 Be6 32. Bb5 axb5 33. Rxd4 Bxd4 34. Qxb5 Rc8
35. Qg5+ Kf8 36. Qh6+ Ke7 37. Qh7+ Kf8 38. Re2 Rc1 39. Rd2 Bb6 40. Qxb7 Ba5 41.
Qa8+ Kf7 42. Qxa5 1-0

[Event "World Youth U16 Olympiad"]
[Site "Gyor HUN"]
[Date "2014.12.20"]
[Round "9.20"]
[Board "2"]
[White "Kavon, Rastislav"]
[Black "Herath, N N B"]
[Result "0-1"]
[WhiteElo "2153"]
[BlackElo "1743"]
[WhiteTeam "Slovakia West"]
[BlackTeam "Sri Lanka"]
[WhiteFideId "14925648"]
[BlackFideId "9914030"]
[EventDate "2014.12.13"]
[EventType "team"]

1. e4 e6 2. d4 d5 3. Nc3 Nf6 4. Bg5 dxe4 5. Nxe4 Be7 6. Bxf6 gxf6 7. Nf3 f5 8.
Nc3 a6 9. Qd2 b5 10. O-O-O Qd6 11. Ne5 Nd7 12. f4 Bb7 13. Rg1 b4 14. Ne2 Nb6 15.
c4 c5 16. b3 Nd7 17. g4 fxg4 18. Rxg4 cxd4 19. Qxd4 Qxd4 20. Nxd4 Nxe5 21. fxe5
h5 22. Rg1 Bc5 23. Rg3 Ke7 24. Bg2 Bxg2 25. Rxg2 Bxd4 26. Rxd4 Rhg8 27. Rgd2 Ra7
28. Rd6 Rg5 29. Rb6 Rxe5 30. Rxb4 f5 31. Rb8 f4 32. b4 Rf5 33. c5 Rc7 34. Kd1
Re5 35. Ra8 Rc6 36. Rf2 Re4 37. a3 Kf7 38. Rf3 e5 39. Rd8 Kf6 40. Kd2 Kf5 41.
Rg8 Rd4+ 42. Rd3 Ke4 43. Rxd4+ Kxd4 44. Rd8+ Ke4 45. Rd6 Rc8 46. Rxa6 Rf8 47.
Rg6 f3 48. Rg1 f2 49. Rf1 Kf3 50. c6 e4 0-1

[Event "World Youth U16 Olympiad"]
[Site "Gyor HUN"]
[Date "2014.12.20"]
[Round "9.20"]
[Board "3"]
[White "Doluweera, Minul Sanjula"]
[Black "Puskar, Peter"]
[Result "1-0"]
[WhiteTitle "CM"]
[WhiteElo "2031"]
[BlackElo "2051"]
[WhiteTeam "Sri Lanka"]
[BlackTeam "Slovakia West"]
[WhiteFideId "9910760"]
[BlackFideId "14925842"]
[EventDate "2014.12.13"]
[EventType "team"]

1. d4 Nf6 2. c4 c5 3. d5 b5 4. cxb5 a6 5. bxa6 Bxa6 6. Nf3 g6 7. g3 d6 8. Bg2
Bg7 9. O-O Nbd7 10. Nc3 O-O 11. Re1 Qa5 12. Qc2 Nb6 13. e4 Nfd7 14. Bg5 Rfe8 15.
Bf1 Nc4 16. Kg2 Nxb2 17. Bxa6 Rxa6 18. Rec1 Na4 19. Bd2 Rea8 20. a3 Qd8 21. Ra2
Nxc3 22. Bxc3 Rxa3 23. Rxa3 Rxa3 24. Bxg7 f6 25. Bh6 g5 26. Nxg5 fxg5 27. Qb2
Ne5 28. Qxa3 Nf7 29. Bxg5 Nxg5 30. Qe3 e5 31. h4 Nf7 32. Rb1 Qf6 33. Rb7 Kf8 34.
Qf3 Qg6 35. h5 Qg7 36. Qf5 1-0

[Event "World Youth U16 Olympiad"]
[Site "Gyor HUN"]
[Date "2014.12.20"]
[Round "9.20"]
[Board "4"]
[White "Vrtiakova, Anna"]
[Black "Mendis, Dasuni Hansika"]
[Result "1-0"]
[WhiteElo "1866"]
[BlackElo "1688"]
[WhiteTeam "Slovakia West"]
[BlackTeam "Sri Lanka"]
[WhiteFideId "14927870"]
[BlackFideId "9907696"]
[EventDate "2014.12.13"]
[EventType "team"]

1. e4 e5 2. Nf3 Nf6 3. Nc3 Bb4 4. Bc4 d6 5. O-O Bg4 6. d3 Nbd7 7. h3 Bh5 8. Be3
c6 9. g4 Bg6 10. a3 Bc5 11. Bxc5 Nxc5 12. Qd2 O-O 13. Ba2 Qe7 14. Rae1 Ne6 15.
Ne2 Rae8 16. Kg2 h5 17. Nh2 Nh7 18. f4 Nxf4+ 19. Nxf4 exf4 20. Qxf4 Qe5 21. Qxe5
Rxe5 22. Nf3 Re7 23. Nh4 Kh8 24. Rf4 Rd8 25. Ref1 Rdd7 26. Nxg6+ fxg6 27. Rf7
Rxf7 28. Rxf7 Rxf7 29. Bxf7 hxg4 30. hxg4 Nf6 31. Kf3 g5 32. d4 Ng8 33. e5 dxe5
34. dxe5 Ne7 35. Ke4 g6 36. e6 Kg7 37. Ke5 Nc8 38. Be8 Ne7 39. Kd6 Kf6 40. Bd7
Nd5 41. c4 Ne7 42. b4 a6 43. Kc7 b5 44. cxb5 cxb5 45. Kd6 Ng8 46. Bc8 1-0

[Event "World Youth U16 Olympiad"]
[Site "Gyor HUN"]
[Date "2014.12.20"]
[Round "9.21"]
[Board "1"]
[White "Egri, Laszlo Jr."]
[Black "Abdulla, Murad"]
[Result "0-1"]
[WhiteElo "2118"]
[BlackElo "1958"]
[WhiteTeam "Transdanubium West 2"]
[BlackTeam "Scotland"]
[WhiteFideId "703397"]
[BlackFideId "2403757"]
[EventDate "2014.12.13"]
[EventType "team"]

1. Nf3 c5 2. g3 Nc6 3. Bg2 g6 4. d4 cxd4 5. Nxd4 Bg7 6. Nxc6 bxc6 7. Nd2 Rb8 8.
Nb3 Qc7 9. O-O Nf6 10. Bd2 d6 11. Ba5 Qb7 12. Nc5 Qb5 13. Bc7 Qxc5 14. Bxb8 O-O
15. c3 Be6 16. Bc7 Nd5 17. b4 Qc4 18. Bxd5 cxd5 19. Ba5 Bh3 20. Qd3 Qxd3 21.
exd3 Bxf1 22. Kxf1 Bxc3 23. Rc1 d4 24. g4 f5 25. gxf5 Rxf5 26. a4 Kf7 27. Rb1
Ke8 28. Ke2 Kd7 29. Rg1 Rh5 30. Rg2 Re5+ 31. Kd1 Re1+ 32. Kc2 Re2+ 33. Kb3 d5
34. h4 Bd2 35. Rg4 e5 36. Rg2 Be3 37. b5 Rxf2 38. Rg4 Bd2 39. Bb4 Bc1 40. a5 Bd2
41. a6 Bxb4 42. Kxb4 Kd6 43. h5 Rb2+ 44. Ka3 Rxb5 45. hxg6 hxg6 46. Rxg6+ Kc5
47. Rg5 e4 48. dxe4 Kc4 49. e5 Ra5+ 50. Kb2 Rxa6 51. Rg4 Re6 52. Rg7 a6 53. Kc2
d3+ 54. Kd2 Rxe5 55. Rc7+ Kd4 56. Ra7 Re2+ 57. Kd1 Ra2 58. Rc7 a5 59. Ra7 a4 60.
Rc7 a3 61. Ra7 Rh2 62. Rxa3 Ke3 63. Kc1 Rh4 64. Rb3 Rh1+ 65. Kb2 Ke2 66. Kc3 d2
67. Rb2 Rh3+ 68. Kd4 Rd3+ 69. Ke5 Ke1 0-1

[Event "World Youth U16 Olympiad"]
[Site "Gyor HUN"]
[Date "2014.12.20"]
[Round "9.21"]
[Board "3"]
[White "Ugroczky, Peter"]
[Black "Gray, Euan"]
[Result "1-0"]
[WhiteElo "2057"]
[BlackElo "1625"]
[WhiteTeam "Transdanubium West 2"]
[BlackTeam "Scotland"]
[WhiteFideId "758663"]
[BlackFideId "2405180"]
[EventDate "2014.12.13"]
[EventType "team"]

1. e4 e5 2. Nf3 Nf6 3. Nxe5 d6 4. Nf3 Nxe4 5. Nc3 Nxc3 6. dxc3 Be7 7. Be3 O-O 8.
Qd2 Qe8 9. Bc4 Be6 10. Bxe6 fxe6 11. O-O-O Nc6 12. h4 Bf6 13. Ng5 Ne5 14. f4 Ng4
15. Rde1 h6 16. Ne4 Qa4 17. Nxf6+ Rxf6 18. a3 Nxe3 19. Qxe3 Re8 20. Rhf1 a6 21.
g4 Qc6 22. g5 hxg5 23. hxg5 Rf5 24. Kb1 e5 25. Qh3 g6 26. Rh1 1-0

[Event "World Youth U16 Olympiad"]
[Site "Gyor HUN"]
[Date "2014.12.20"]
[Round "9.21"]
[Board "4"]
[White "Milton, Anna"]
[Black "Szukics, Adam"]
[Result "1/2-1/2"]
[WhiteElo "1547"]
[BlackElo "2000"]
[WhiteTeam "Scotland"]
[BlackTeam "Transdanubium West 2"]
[WhiteFideId "2404419"]
[BlackFideId "751871"]
[EventDate "2014.12.13"]
[EventType "team"]

1. d4 d5 2. c4 c6 3. Nc3 Nf6 4. Bg5 e6 5. e3 Nbd7 6. Nf3 h6 7. Bh4 Be7 8. Bd3
dxc4 9. Bxc4 b5 10. Bd3 Bb7 11. O-O a6 12. Rc1 Rc8 13. Qe2 c5 14. dxc5 Nxc5 15.
Bc2 O-O 16. Rfd1 Qa5 17. a3 b4 18. axb4 Qxb4 19. Rd4 Bxf3 20. gxf3 Qb7 21. Rcd1
Rfe8 22. Na4 Nd5 23. Bxe7 Qxe7 24. Nxc5 Rxc5 25. Be4 a5 26. Bxd5 Qg5+ 27. Rg4
Qe5 28. Bc4 Rb8 29. b3 h5 30. Rgd4 Qf6 31. f4 h4 32. Qg4 Rbc8 33. Kh1 a4 34. Ra1
axb3 35. Bxb3 Qe7 36. Qf3 Qf6 37. Rad1 Rc3 38. Ba4 Rb8 39. Qg4 g6 40. Qg5 Qxg5
41. fxg5 Rb2 42. R1d2 Rb1+ 43. Kg2 Rc5 44. f4 e5 45. Rd8+ Kg7 46. Kh3 exf4 47.
exf4 Rb4 48. R8d4 Rcc4 49. Rxc4 Rxc4 50. Bd1 Rxf4 51. Bg4 Ra4 52. Kxh4 Ra7 53.
h3 f6 54. Rd7+ Rxd7 55. Bxd7 fxg5+ 56. Kxg5 Kh7 57. Be8 Kg7 58. Bxg6 Kh8 59. Kh6
Kg8 60. h4 Kh8 61. Be4 Kg8 62. Kg6 Kh8 63. h5 Kg8 64. h6 Kh8 65. Kg5 Kg8 66. h7+
Kh8 67. Kh5 Kg7 68. Kg5 1/2-1/2

[Event "World Youth U16 Olympiad"]
[Site "Gyor HUN"]
[Date "2014.12.20"]
[Round "9.22"]
[Board "1"]
[White "Csuta, Akos Koppany"]
[Black "Egyed, Viktoria"]
[Result "1/2-1/2"]
[WhiteElo "2027"]
[BlackElo "1990"]
[WhiteTeam "Györ (Hungary)"]
[BlackTeam "Hungary (Girls)"]
[WhiteFideId "760390"]
[BlackFideId "741450"]
[EventDate "2014.12.13"]
[EventType "team"]

1. e4 c5 2. Nf3 e6 3. c3 d5 4. exd5 Qxd5 5. d4 Nf6 6. Nbd2 Nc6 7. Bc4 Qd8 8. Nb3
cxd4 9. Nfxd4 Bd7 10. O-O Be7 11. Nxc6 Bxc6 12. Nd4 Qb6 13. Qe2 Bd5 14. Be3 O-O
15. Nf5 Qc7 16. Nxe7+ Qxe7 17. Bg5 Bxc4 18. Qxc4 h6 19. Bxf6 Qxf6 20. Rad1 Rfd8
21. Qa4 Qe7 22. g3 a6 23. Rxd8+ Rxd8 24. Rd1 g6 25. h4 Rd6 26. Rd4 Qd8 27. Rxd6
Qxd6 28. Qe4 b5 29. Qc2 Qd5 30. a4 Kg7 31. axb5 1/2-1/2